000 00573nam a2200193Ia 4500
005 20250923145134.0
008 008 250917s9999 xx 000 0 eng d
037 _aTextual
040 _aDSWL
_beng
_cDSWL
041 _aeng
_2eng
084 _aX9:6.2.N5, K2;1
_qDSWL
100 _aRosen, George
_9832149
245 0 _aSome Aspects of Industrial Finance in India
_cby George Rosen
260 _aLondon
_bAsia Publiing House
_c1962
365 _aINR
_b9.50
925 _g9.50
942 _cTEXL
_hX9:6.2.N5, K2;1
999 _c1447618
_d1447618